Book-keeping: an elementary text book for the use of surveyors, land and estate agents, land owners, and others interested in the profession of the land (Record no. 86751)

MARC details
000 -LEADER
fixed length control field 00599cam a2200193 4500
001 - CONTROL NUMBER
control field D13579
008 - FIXED-LENGTH DATA ELEMENTS--GENERAL INFORMATION
fixed length control field 090401t1931 xxu||||| |||| 00| 0 eng d
035 ## - SYSTEM CONTROL NUMBER
System control number (Sirsi) u10504
041 ## - LANGUAGE CODE
Language code of text/sound track or separate title eng
100 ## - MAIN ENTRY--PERSONAL NAME
Personal name Parry, Richard
245 ## - TITLE STATEMENT
Title Book-keeping: an elementary text book for the use of surveyors, land and estate agents, land owners, and others interested in the profession of the land
250 ## - EDITION STATEMENT
Edition statement 2nd rev
260 ## - PUBLICATION, DISTRIBUTION, ETC.
Place of publication, distribution, etc. London
Name of publisher, distributor, etc. Estates Gazette
Date of publication, distribution, etc. 1931
350 ## - PRICE (NR) (BK AM CF MU VM SE) [OBSOLETE]
Price 0
520 ## - SUMMARY, ETC.
Summary, etc. Shelf 133; 2nd ed rev and enlarged
700 ## - ADDED ENTRY--PERSONAL NAME
Personal name Shott, Cecil Douglas
942 ## - ADDED ENTRY ELEMENTS (KOHA)
Suppress in OPAC 0
948 ## - LOCAL PROCESSING INFORMATION (OCLC); SERIES PART DESIGNATOR (RLIN)
c (OCLC) 04/03/1997
Holdings
Withdrawn status Lost status Source of classification or shelving scheme Damaged status Not for loan Home library Current library Shelving location Date acquired Total Checkouts Full call number Barcode Date last seen Copy number Price effective from Koha item type
    Dewey Decimal Classification     London London Basement 14/09/1999   SHELF 133 300151601 06/08/2019 2 06/08/2019 Reference material